000 00290nam a22001337a 4500
008 170426b xxu||||| |||| 00| 0 eng d
020 _a9780471013426
041 _aeng
080 _26TH
_a547
100 _a12
101 _aSHM
245 _aORGANIC CHEMISTRY
_cSOLOMONS
942 _2udc
_cBK
999 _c12079
_d12079